| 000 | 00602nam a2200181Ia 4500 | ||
|---|---|---|---|
| 008 | 170725s9999 xx 000 0 und d | ||
| 100 | _aKlaus Changsun Youm | ||
| 245 | _aImproved bug localization based on code change histories and bug reports | ||
| 245 | _cKlaus Changsun Youm, June Ahn, Eunseok Lee | ||
| 260 | _c2017 | ||
| 300 | _apages 177-92, February | ||
| 440 |
_aInformation and software technology _v82: |
||
| 500 | _aCJ0029 | ||
| 650 | _a Information retrieval | ||
| 650 | _aBug localization | ||
| 650 | _aBug reports | ||
| 650 | _aStack traces; Code change history; Method analysis | ||
| 999 |
_c340860 _d340860 |
||